[Event "YUG-ch 55th"]
[Site "Subotica"]
[Date "2000.03.16"]
[Round "1"]
[White "Velimirovic, Dragoljub"]
[Black "Pavlovic, Milos"]
[Result "1/2-1/2"]
[WhiteElo "2558"]
[BlackElo "2481"]
[Annotator "Ribli"]
[PlyCount "97"]
[EventDate "2000.03.16"]
[EventType "tourn"]
[EventRounds "15"]
[EventCountry "YUG"]
[EventCategory "10"]
[Source "ChessBase"]
[SourceDate "2000.05.31"]
[WhiteTeamCountry "YUG"]
[BlackTeamCountry "RUS"]

1. e4 c5 2. Nf3 e6 3. d4 cxd4 4. Nxd4 a6 5. c4 {Das ist Velomirovics
Lieblingsfortsetzung. In letzter Zeit spielt man in der Regel entweder 5.Bd3
oder 5.Nc3.} Nf6 6. Nc3 Qc7 (6... Bb4 7. Bd3 Nc6 8. Nxc6 dxc6 9. e5 Qa5 {
Das wäre die Hauuptvariante gegen das System mit 5.c4.}) 7. f4 $6 {Eine für Vel
imirovic typisch agressive Fortsetzung. Besser wäre es, das unangenehme
Fesslungsmotiv durch 7.a3 zu verhindern.} (7. a3) 7... Bb4 {Nach diesem Zug
bekommt Weiß Probleme mit seinem breiten Zentrum. Ich möchte anmerken, dass
Schwarz auch nach 7.Be3, oder 7.Be2 so spielen muss.} 8. Bd3 (8. e5 Ne4 9. Qc2
Nxc3 (9... f5 10. exf6 Nxf6 11. Bd2 Nc6 12. Nxc6 bxc6 13. a3 Bc5 14. Ne4 Nxe4
15. Qxe4 d5 16. cxd5 cxd5 17. Qe5 Qxe5+ 18. fxe5 O-O 19. Bd3 Bd7 {
1/2-1/2 Velarde,R-Rodriguez,A/Pinamar 1975/EXT 99 (62)}) 10. bxc3 Be7 11. Bd3
d6 {Schwarz sprengt das zuvor so stolze weiße Zentrum.} 12. O-O dxe5 13. fxe5
Nd7 14. Bf4 Nxe5 15. Bxh7 Bd6 {
0-1 Papaioannou,I-Ward,C/Thessaloniki 1996/EXT 98 (70)}) 8... b5 $5 {
Das ist die prinzipielle Erwiderung! Weiß hat (einige) Probleme am Damenflügel.
} (8... d6) (8... Nc6 9. Nxc6 Qxc6 10. Qe2) 9. e5 {Weiß muss die Flucht nach
vorne antreten. Nach ein paar Verteidigungszügen bekommt Schwarz eine sehr
angenehme Stellung.} (9. Qe2 d5 $17) 9... bxc4 10. Bc2 $5 {Velimirovic opfert
gern etwas Material, um den weißfeldrigen Läufer auf dem Brett zu halten. Nach
10.exf6 cxd3 ist das strategische Hauptproblem von Weiß, dass der weißfeldrige
Läufer von Schwarz  - nach der Entwicklung auf die Diagonale a8-h1 - keinen
Gegenspieler mehr hat.} (10. exf6 cxd3 11. fxg7 Rg8 12. Qxd3 Rxg7 13. O-O Bb7
14. Rf2 Nc6 15. Be3 Kf8 16. Rc1 Be7 17. Na4 Qa5 18. Nc5 Bxc5 19. Rxc5 Qe1+ 20.
Rf1 Rxg2+ $1 21. Kxg2 Nb4+ 22. Kh3 Nxd3 {
0-1 Einarsson,H-Quinteros,M/Reykjavik 1986/EXT 2000 (34)}) 10... Nd5 $15 11.
Bd2 Bxc3 12. bxc3 (12. Bxc3 Bb7 $17 (12... Nxf4 13. O-O $44)) 12... Nc6 (12...
Bb7 $15) 13. Be4 (13. Nxc6 Qxc6 $15) 13... Nxd4 14. Bxd5 (14. cxd4 $2 c3 15.
Bc1 Bb7 $17) 14... Nc6 {Schwarz steht so gut, dass es schwer fällt, sich
zwischen den vielen guten Fortsetzungen zu entscheiden.} (14... exd5 15. cxd4
c3 16. Be3 $15) 15. Be4 Bb7 16. Rb1 (16. O-O Ne7 $15 (16... d5 $6 17. exd6 Qxd6
18. Rb1 $132)) 16... Rb8 17. O-O Ne7 $1 {Das ist eine strategisch richtige
Idee - Schwarz möchte den Läufer auf der großen Diagonale tauschen und das
Feld d5 mit dem Springer besetzen.} 18. Bxb7 (18. Bc2 O-O $17) 18... Rxb7 19.
Rxb7 Qxb7 $17 {Schwarz hat einen gesunden Mehrbauern, und der Springer ist gut
postiert auf d5. Weiß verfügt über keine Kompensation für den Bauern.} 20. Bc1
$5 {Weiß plant, die Stellung seines Läufers zu verbessern. Und iIn der Tat
wird der Läufer auf a3 unangenehm für Schwarz.} Nf5 (20... Nd5) (20... Qb6+ 21.
Kh1 Qc5 {Die Dame verhindert den Zug 22.Ba3.} 22. Qa4 $132) (20... O-O 21. Ba3
Re8 22. Bxe7 Rxe7 23. Qd4 $44) 21. Ba3 $8 {Gut oder schlecht, Weiß muss so
spielen, sonst bekommt Schwarz nach der Rochade eine überlegene Stellung.} Ne3
(21... Qb6+ 22. Kh1 Ne3 23. Qb1 $44) 22. Qf3 Qxf3 (22... Nd5 $6 23. f5 $44) 23.
Rxf3 Nd5 {Nach dem Damentausch kann Schwarz zufrieden sein - sein Springer
steht ausgezeichnet auf d5, das potentielle weiße Gegenspiel ist - ohne Damen
- weniger stark. Schwarz muss "nur noch" seinen Turm aktivieren.} 24. f5 (24.
Bd6 f5 $17 {Anschließend kann Schwarz Kf7 spielen und den Turm ins Spiel
bringen (z.B.mit Rc8-Rc6-Rb6).} (24... f6)) 24... f6 (24... exf5 25. Rxf5 Nxc3
26. Rf2 $17) 25. g4 (25. fxe6 dxe6 $17 {
Schwarz kann Rd7 spielen und den Turm befreien.}) 25... Kf7 26. Bd6 $8 h5 $1 (
26... Re8 $17) 27. Rh3 (27. h3 hxg4 28. hxg4 Rh4 29. Rg3 exf5 30. gxf5 Re4 31.
exf6 Kxf6 32. Bf8 Kxf5 33. Bxg7 Re1+ 34. Kf2 Ra1 $19) 27... Nf4 (27... Re8 $17)
28. Rf3 (28. Rh4 Ne2+ $19) (28. Re3 hxg4) 28... Ne2+ 29. Kf1 hxg4 $19 {
Schwarz hat schon zwei Mehrbauern - und Weiß keine Kompensation.} 30. Re3 Nc1 (
30... Nf4) 31. exf6 gxf6 32. fxe6+ dxe6 33. Re4 e5 (33... Rd8 $1 34. Bg3 (34.
Bf4 Rd1+ 35. Kg2 Nxa2 36. Rxc4 e5 $19) 34... Rd1+ 35. Kf2 f5 36. Rxc4 Rd2+ 37.
Kf1 Rxa2 $17 {Mit zwei Mehrbauern muss Schwarz gewinnen.}) 34. Kg2 (34. Rxg4
Rxh2 35. a4 Ke6 36. Ba3 Nb3 $19) 34... Ke6 (34... Rc8 35. Rxg4 Nxa2 $19) 35.
Ba3 Kf5 (35... Kd5 36. Rxg4 Nxa2 $19) 36. Rxc4 Nd3 {
Unglaublich, dass Schwarz diese Stellung nicht gewinnen kann.} (36... Nxa2 37.
Rc6 a5 38. c4 Nc3 $19) 37. Rc6 Nf4+ {Jetzt hat Schwarz nur noch einen
Mehrbauern, aber seine Figuren stehen sehr aktiv.} 38. Kg1 Rd8 39. Be7 (39.
Rxa6 Rd1+ 40. Kf2 Rd2+ 41. Kg1 Nh3+ 42. Kf1 (42. Kh1 Rd1+ 43. Kg2 Rg1#) 42...
Rf2+ 43. Ke1 Rxa2 $19) 39... Rd1+ 40. Kf2 Nd5 (40... Rd2+ 41. Kf1 Rxh2 $19) 41.
Rd6 Nxc3 $2 {
Ich vermute, dass dieser Zug noch in der Zeitnotphase gespielt wurde.} (41...
Rd2+ $1 42. Ke1 Rxa2 43. Rxd5 Ke6 $19 {
Schwarz gewinnt eine ganze Figur - und mit zwei Bauern mehr gewinnt er leicht.}
) 42. Rxf6+ Ke4 43. Rxa6 $15 Rd2+ $6 (43... Nd5 44. Bg5 $15 (44. Ra4+ Kf5)) 44.
Kg3 $11 {Weiß hat - dank großer Hilfe des Gegners - das materielle
Gleichgewicht wiederhergestellt. Die Bauern a2 und g4 sind gleichermaßen
schwach.} Nxa2 (44... Rxa2 45. Rxa2 Nxa2 46. Kxg4 $11) 45. Rc6 (45. Rd6 $15)
45... Kf5 (45... Rd7 46. Bh4 Nb4 47. Rc4+ Rd4 48. Rxd4+ $11) 46. Rf6+ Ke4 47.
Rh6 (47. Rg6 $11) 47... Nc3 48. Bb4 Kf5 (48... Rd3+ 49. Kxg4 $11) 49. Rh5+ {
Und hier wurde- in Remisstellung - Remis gegeben.} (49. Rh5+ Ke6 (49... Kg6 50.
Rxe5) 50. Bxc3 Rd3+ 51. Kxg4 Rxc3 $11) 1/2-1/2

[Event "YUG-ch 55th"]
[Site "Subotica"]
[Date "2000.03.17"]
[Round "2"]
[White "Damljanovic, Branko"]
[Black "Velimirovic, Dragoljub"]
[Result "1-0"]
[WhiteElo "2534"]
[BlackElo "2558"]
[Annotator "Huzman"]
[PlyCount "99"]
[EventDate "2000.03.16"]
[EventType "tourn"]
[EventRounds "15"]
[EventCountry "YUG"]
[EventCategory "10"]
[Source "ChessBase"]
[SourceDate "2000.05.31"]
[WhiteTeamCountry "YUG"]
[BlackTeamCountry "RUS"]

1. d4 Nf6 2. Nf3 c5 3. d5 g6 4. c4 Bg7 5. Nc3 d6 6. e4 O-O 7. h3 e6 8. Bd3 exd5
9. exd5 Re8+ 10. Be3 Bh6 11. O-O Bxe3 12. fxe3 Qe7 13. e4 Nbd7 14. Qd2 Kg7 15.
Nb5 Rf8 16. Qc3 Kg8 17. Nxd6 (17. Rae1 a6 18. Nxd6 Qxd6 19. e5 Nxe5 20. Nxe5
Qd8 21. Qd2 Nd7 22. Qh6 Nxe5 23. Rxe5 Qc7 24. Bxg6 $1 hxg6 25. Rh5 $18 {
1-0 Loeffler,S-Velickovic,S/Berlin-West 1986/EXT 97 (32)}) (17. e5 $5 Nxe5 (
17... dxe5 18. Rae1 (18. d6 Qd8 19. Nc7 Rb8 20. Nxe5 Nb6) 18... e4 19. d6 Qd8
20. Bxe4 $16) 18. Nxe5 dxe5 19. d6 Qd8 20. Qxe5 $16) 17... Qxd6 18. e5 Nxe5 (
18... Nxd5 19. cxd5 Qxd5 20. Bc4 Qc6 21. Ng5 $18) 19. Nxe5 Nh5 20. Rae1 Bd7 (
20... f6 21. Bxg6 hxg6 22. Nxg6 Rf7 23. Re8+ Kh7 24. Ne5 Rf8 25. Qd3+ f5 26.
Rxc8 $1 Raxc8 (26... Qxe5 27. Rxa8 Rxa8 28. Rxf5 $18) 27. Rxf5 Rxf5 28. Qxf5+
Kg7 29. Qg5+ Kf8 30. Qxh5 $18) 21. Be2 Ng7 22. Bg4 f5 23. Bf3 Rae8 24. Re2 Re7
25. Rfe1 Rfe8 26. Kf2 Bc8 27. Nd3 Rxe2+ 28. Rxe2 Rxe2+ 29. Kxe2 Ne8 30. Kd2 b6
31. b4 cxb4 32. Qxb4 Qxb4+ (32... Bd7 33. c5 bxc5 34. Qxc5) 33. Nxb4 Nd6 34.
Kc3 a5 35. Nc6 Ba6 36. Ne5 Kg7 37. Kd4 g5 38. a4 f4 39. Bg4 Bc8 40. Bxc8 Nxc8
41. c5 $18 bxc5+ 42. Kxc5 Kf6 43. Nc4 h5 44. Nxa5 g4 45. hxg4 hxg4 46. Nc4 Ne7
(46... f3 47. gxf3 gxf3 (47... g3 48. Ne3 Ke5 49. Ng2 $18) 48. Nd2 $18) 47. a5
f3 48. gxf3 gxf3 49. Nd2 f2 50. d6 1-0

[Event "YUG-ch 55th"]
[Site "Subotica"]
[Date "2000.03.18"]
[Round "3"]
[White "Velimirovic, Dragoljub"]
[Black "Mijailovic, Zoran"]
[Result "1-0"]
[WhiteElo "2558"]
[BlackElo "2394"]
[Annotator "Ribli"]
[PlyCount "97"]
[EventDate "2000.03.16"]
[EventType "tourn"]
[EventRounds "15"]
[EventCountry "YUG"]
[EventCategory "10"]
[Source "ChessBase"]
[SourceDate "2000.05.31"]
[WhiteTeamCountry "YUG"]
[BlackTeamCountry "RUS"]

1. e4 c5 2. Nf3 e6 3. d4 cxd4 4. Nxd4 a6 5. c4 {Dank Grossmeister Velimirovic
haben wir hier ein weiteres Beispiel für diese auf Großmeisterebene selten
gespielte Variante.} Nf6 6. Nc3 Qc7 7. a3 $5 {In seiner Partie gegen Pavlovic
(erste Runde im selben Turnier) spielte Velimirovic 7.f4, aber nach 7...Bb4
bekam Weiß Eröffnungsprobleme. Dieser Zug verliert Zeit, aber Weiß unterbindet
die drohende Fesslung 7...Bb4.} b6 (7... d6) 8. g3 Bb7 9. Bg2 {Weiß hat keine
Angst vor 9..Qxc4, denn darauf kann er 10.Be3 und 11.Rc1 mit gefährlicher
Initiative spielen.} Nc6 $6 {Die alternative Entwicklung des Springers -
mittels 9...d6 und 10...Nbd7 gefällt mir besser. Gewöhnlich steht der Springer
in Igelstellungen - wie der Leser später selbst prüfen kann - auf d7
elastischer.} (9... d6 10. Be3 (10. Bg5 Nbd7 11. Rc1 Rc8 12. O-O Be7 13. Bxf6
Nxf6 14. f4 O-O 15. f5 e5 16. Nb3 b5 17. Nd5 Nxd5 18. cxd5 Qb6+ 19. Kh1 Bg5 {
1/2-1/2 Velimirovic,D-Dizdarevic,E/Bor 1986/EXT 97 (39)}) 10... Nbd7 11. O-O
Rc8 12. Rc1 Qb8 13. f4 Qa8 (13... Rxc4 14. Qe2 Rc8 15. g4 Nc5 16. Bd2 e5 17.
Nf5 Ne6 18. Nd5 Nd7 19. Rxc8+ Qxc8 20. fxe5 dxe5 21. b4 $16 {
Velimirovic,D-Cabrilo,G/Stara Pazova 1988/Inf 46 (21)}) 14. f5 e5 15. Ne6 fxe6
16. fxe6 Nc5 17. Rxf6 gxf6 18. Qh5+ Kd8 19. b4 Rc7 20. bxc5 bxc5 21. Bd2 $44 {
1/2-1/2 Plachetka,J-Kovacevic,S/Belgrade 1988/TD (41)}) 10. O-O Bc5 (10... Nxd4
$5 {Nach 9...Nc6 wäre diese Fortsetzung logisch.} 11. Qxd4 Bc5 12. Qd3 $14) (
10... Ne5 11. Bf4 d6 12. Rc1 $14) 11. Nb3 Be7 {Das ist ein typisches Manöver -
Schwarz hat durch 10...Bc5, 11... Be7 ein Tempo verloren, aber der Springer
steht auf b3 schlechter als auf f3.} 12. Be3 {
Droht eventuell Angriff au den Pb6.} Ne5 13. Rc1 d6 (13... Nxc4 14. Qe2 Rc8 15.
Na4 $44) 14. f4 Ned7 {Endlich steht der schwarze Springer steht auf d7, aber
hat dafür zwei Tempi verloren (statt d6-Nd7 spielte er vier Züge:
Nc6-d6-Ne5-Nd7).} (14... Nxc4 15. Qe2 $44) 15. g4 $5 $13 {Velimirovic liebt
aktives Spiel. Durch diesen sofortigen Bauernvorstoß verschafft er sich
Initiative am Königsflügel, dafür führt dieser Zug aber auch zu großen
Komplikationen.} (15. Nd4 $14) 15... h5 (15... Nc5 $5 16. Nxc5 (16. Nd2 h5 $15)
16... bxc5 17. g5 Nd7 $13) 16. g5 Ng4 17. Bd4 {
Gut oder nicht gut - Weiß muss so spielen.} (17. Bd2 b5 $36) 17... e5 {
Dieser Zug schwächt das Feld d5, aber der Pg7 und der Ng4 muss sich befreien,
da in einigen Varianten h2-h3 droht .} 18. Nd5 Bxd5 (18... Qd8 $2 19. h3 exd4
20. hxg4 $16) 19. cxd5 Qa7 20. h3 (20. fxe5 Bxg5 (20... dxe5 21. Qf3 O-O (21...
exd4 22. Qxf7+ Kd8 23. Qxg7 Re8 24. Nxd4 $18) 22. Be3 $13) 21. e6 fxe6 22. dxe6
$36) 20... exd4 21. hxg4 hxg4 22. Qxd4 (22. Nxd4 b5 23. Rf2 g3 $13) 22... O-O {
Nach großen Komplikationen ist eine Stellung entstanden, in der Weißdeutlichen
Raumvorteil besitzt und seine Figuren besser zu harmonieren scheinen. Der Pg4
ist schwach, das Feld c6 ist ein positionelles Loch. Dennoch hat Schwarz
aufgrund des geschwächten weißen Königsflügels Gegenspiel.} 23. Qf2 $6 (23. Qd1
$5 b5+ 24. Kh2 $16) 23... Nc5 {Droht 24...Nd3. Weiß muss dehslab den Springer
tauschen und kommt ncht mehr zu Nd4-c6.} 24. Nxc5 bxc5 25. Qh4 $14 {Der Pg4 ist
unrettbar schwach. Andererseits besitzt Schwarz Gegenchancen am Damenflügel.}
c4+ (25... Qd7 $6 26. f5 $40) 26. Kh2 Qe3 (26... Rab8 27. Rxc4 Rxb2 28. Qxg4
$14) 27. Rc3 Qd2 28. Rf2 Qe1 29. Kg3 $5 {Das ist Interessant, der König steht
ausgezeichnet auf g3. Es hängt der Pg4, und - das ist noch wichtiger - Weiß
kann die Damen tauschen.} (29. Rcc2 $16) 29... Rab8 30. Qh1 $1 {
Damit tauscht Weiß die einzige aktive schwarze Figur.} Qxh1 31. Bxh1 $16 {
Die Stellung ist materiell ausgeglichen, aber die Bauern c4 und g4 sind nicht
zu halten. Zudem steht der schwarze Läufer - wie schon während der ganzen
Partie - passiv.} Rb3 (31... f6 32. g6 $16) 32. Rfc2 {
Weiß möchte 33.Rxb3 cxb3 34.Rc7 oder 34.Rc3 spielen.} (32. Rxb3 cxb3 33. Kxg4
Rc8 34. Rf3 Rc1 $132) 32... Rxc3+ 33. Rxc3 Rb8 34. Rxc4 (34. Rc2 Rb3+ 35. Kxg4
c3 $14) 34... Rxb2 35. Rc8+ Bf8 (35... Kh7 36. Rc7 $16) 36. Kxg4 Rb3 37. e5 {
Nach diesem Durchbruch hat Weiß deutlichen Vorteil.} dxe5 38. d6 Rd3 39. fxe5 {
Die verbundenen weißen Bauern sind so stark, dass Schwarz - om Prinzip -
nichts machen kann. Der Turm muss immer auf der d-Linie bleiben.} Rd4+ 40. Kg3
g6 41. Re8 Kg7 42. Bf3 $18 {
Weiß beraubt den schwarzen Turm des Feldes d1 und droht Kf2(Kf4)-Ke3.} f6 {
Dieser Zug zieht die Partie lediglich in die Länge.} (42... Rd2 43. Kf4 Rd4+
44. Ke3 $18) 43. gxf6+ Kf7 44. e6+ $1 {
Das ist ein schöner Zug, aber es gibt viele alternative Lösungen.} Kxf6 (44...
Kxe8 45. Bc6+ Kd8 46. e7+ $18) 45. Rxf8+ Kxe6 46. Bg4+ Kxd6 47. Rf6+ Kc7 48.
Rxa6 {Weisß steht auf Gewinn, er hat großen Materialvorteil. Ich möchte aber
anmerken, dass die Stellung ohne den a-Bauern theoretisch Remis wäre.} Kb7 49.
Rf6 (49. Rxg6 $5 Rd3+ 50. Bf3+ Ka7 51. a4 $18) (49. Rf6 Rd3+ 50. Rf3 $18) 1-0

[Event "YUG-ch 55th"]
[Site "Subotica"]
[Date "2000.03.20"]
[Round "4"]
[White "Velimirovic, Dragoljub"]
[Black "Sedlak, Nikola"]
[Result "1-0"]
[WhiteElo "2558"]
[BlackElo "2323"]
[Annotator "Gofshtein,L"]
[PlyCount "99"]
[EventDate "2000.03.16"]
[EventType "tourn"]
[EventRounds "15"]
[EventCountry "YUG"]
[EventCategory "10"]
[Source "ChessBase"]
[SourceDate "2000.05.31"]
[WhiteTeamCountry "YUG"]
[BlackTeamCountry "RUS"]

1. e4 c5 2. Nf3 d6 3. d4 cxd4 4. Nxd4 Nf6 5. Nc3 Nc6 6. Bc4 Qb6 7. Nb3 e6 8.
Bg5 {Except for} Bd7 {there are four not bad continuations here:} (8... Ne5 9.
Bb5+ (9. Be2 Be7 10. f4 Ng6 11. Qd2 h6 12. Bxf6 Bxf6 13. g3 O-O 14. O-O-O Rd8
$11 {0-1 Kiulaots,A-Lugovoi,A/URS-chJ Jurmala 1992 (39)}) 9... Bd7 10. Bxf6
Bxb5 11. Bxe5 dxe5 12. Nxb5 Qxb5 13. Qe2 Qa4 14. O-O Be7 15. Rfd1 (15. Rad1 O-O
16. Nc1 Rfd8 17. c3 $11 {
1/2-1/2 Justin,M-Tukmakov Vladimir B/Bled Slovenia 1995 (50)}) 15... O-O 16. c3
Rad8 $11 {0-1 Lukin,A-Oll,L/St Petersburg 1993 (39)}) (8... a6 9. Bxf6 gxf6 10.
Qh5 (10. Be2 Bd7 11. O-O Be7 12. Kh1 h5 13. f4 h4 14. Qd2 Na5 15. Nxa5 Qxa5
$132 {0-1 Fedorowicz,J-Gulko,B/Salt Lake City USA 1999 (44)}) 10... Bd7 (10...
Nd4 11. Nxd4 Qxd4 12. Bb3 Qe5 $132 {
0-1 Bajkovic,M-Stajic,S/Kragujevac YUG 2000/The Week in Chess 280 (38)}) 11.
O-O Nd4 (11... Rc8 12. Kh1 Nd4 $11 {
1/2-1/2 Fedorov,V-Kozlov Vladimir N/Erevan Trade Unions tt ch 1983 (28)}) 12.
Nxd4 (12. Rad1 Nxc2 $5 (12... Nxb3 13. Bxb3 Qc5 $132) 13. a3 Rc8 14. Qe2 Bh6 $1
$17 (14... a5 $4 15. Nd5 exd5 16. exd5+ Kd8 17. Qxc2 a4 18. Qc3 Be7 19. Nd4 $16
{1-0 Sutovsky-Shrentzel,I/Tel Aviv 1993 (34)}) 15. Nb1 (15. Nd5 exd5 16. exd5+
Kf8 $19) 15... Qc7 $15) 12... Qxd4 $11) (8... Be7 9. Bxf6 gxf6 10. O-O (10. Qh5
$6 Bd7 (10... a6 11. O-O Bd7 12. Kh1 Ne5 13. Be2 O-O-O 14. f4 $14 {
1/2-1/2 Emms,J-Thorhallsson,T/Gausdal PG  ,EXT 1995 (31)}) 11. O-O Nd4 12. Nxd4
Qxd4 13. Bb3 Qc5 $11 {1/2-1/2 Kindermann,S-Druckenthaner,A/AUT-chT 1994 (35)})
(10. Qd2 $5 Bd7 $132 (10... O-O 11. f4 Kh8 12. O-O-O $14 {
1-0 Rodriguez,R-Lauridsen,J/San Sebastian 1995 (35)})) 10... Bd7 11. Kh1 O-O-O
12. a4 a6 13. Qh5 Ne5 14. Be2 Kb8 15. a5 Qc7 16. f4 Ng6 17. g3 $14 {
1/2-1/2 Fedorowicz,J-Rachels,S/USA-ch 1989 (52)}) 9. a4 (9. Qd2 Be7 10. O-O Ne5
11. Be2 Bc6 (11... Qd8 $6 12. Nb5 $2 (12. f4 Qb6+ 13. Kh1 Ng6 14. Rad1 $14)
12... Bxb5 $2 (12... Nxe4 13. Bxe7 Kxe7 $17) 13. Bxb5+ $14 {
1/2-1/2 Bogdanovic,R-Smailbegovic,H/Sombor YUG ch(4) 1957 (22)}) 12. Be3 Qc7
13. f4 Ng6 14. Bd3 O-O $132) (9. Qe2 Rc8 (9... Be7 10. O-O-O Ne5 11. Bb5 a6 12.
Bxd7+ Nexd7 13. f4 Qc7 14. Rhe1 O-O $132 {
0-1 Armas,I-Kotronias,V/Wijk aan Zee 1995 (39)}) 10. f4 Nd4 (10... Nb4 11.
O-O-O Ng4 12. Rhe1 Qe3+ 13. Qxe3 Nxe3 14. Rxe3 Rxc4 $11 {
0-1 O'Neill,P-Miralles,G/EU-chT Haifa 1989 (56)}) 11. Nxd4 Qxb2 $1 12. Kd2 Qb4
13. Rab1 Qxc4 $15 {1-0 Savon V A-Stein L/Moscow 1971 (54)}) (9. O-O Be7 (9...
a6 10. Bxf6 gxf6 11. Qh5 Ne5 12. Be2 Rg8 13. Kh1 Rg6 14. Qh4 Rh6 15. Qg3 Rg6
16. Qh4 Rh6 17. Qg3 Rg6 18. Qh4 {
1/2-1/2 Tilak,S-Makarichev,S/Calcutta India 1986 (18)}) (9... Ne5 10. Be2 Rc8
11. Bxf6 gxf6 12. Kh1 h5 13. f4 Nc4 14. Bxc4 Rxc4 15. Qd3 Rc7 16. f5 $14 {
1-0 Wolff,P-Shamkovich,L/New York op (6) 1992 (41)}) 10. Kh1 (10. Bxf6 gxf6 11.
Qh5 Ne5 12. Be2 Rg8 13. Kh1 O-O-O 14. a4 (14. f4 $16) 14... Rg5 15. Qh3 Rg7 16.
a5 Qc7 17. a6 $16 {1-0 Kozlov,V-Ivanov,T/Vladivostok ,EXT 1990 (55)}) 10... h6
11. Bxf6 gxf6 12. Be2 h5 13. f4 h4 14. Bg4 Rc8 $132 {
0-1 Tseitlin,M-Stein,L/USSR (ch) 1971/Inf 12 (31)}) (9. Bxf6 gxf6 10. Qh5 (10.
O-O h5 11. Kh1 Ne5 12. Bd3 Rc8 13. Qe2 Bh6 $132 {
0-1 Young,R-Waitzkin,J/New York MCC 1993 (61)}) (10. Qd2 Rg8 11. f4 O-O-O 12.
O-O-O Kb8 13. Rhg1 Be7 14. Kb1 h5 15. Be2 h4 16. Bf3 Rc8 $132 {
1/2-1/2 Rodriguez Lopez,R-Baron Rodriguez,J/La Coruna op 1996/EXT 96op2 (80)})
10... Nd4 $1 (10... Rg8 11. O-O Rg6 (11... Ne5 12. Be2 Rg6 13. Qh4 Rh6 (13...
Be7 14. Kh1 f5 15. Qxh7 f4 16. Bh5 Rg5 (16... Rf6 17. Qh8+) 17. h4 Rxh5 18.
Qxh5 $16 {Feigelson,I-Makarov,M/URS 1988/Inf 45 (18)}) 14. Qg3 Rg6 15. Qh4 (15.
Qf4 Bh6 16. Qh4 Rc8 $132) 15... Rh6 $11) 12. Qh4 O-O-O 13. Kh1 Be7 14. Qxh7
Rdg8 $44 {0-1 Hmadi,S-Dlugy,M/Tunis izt 1985 (26)}) 11. Bd3 Nxb3 12. axb3 a6
13. O-O Qc5 $11 {1/2-1/2 Zivkovic,Z-Rajkovic,D/Beograd 1985/Inf 40 (32)}) 9...
Ne5 10. Be2 {Velimirovich don't want change B} (10. Bb5 Be7 11. a5 Qc7 12. O-O
h6 $132) 10... Be7 11. f4 Ng6 12. f5 $5 (12. Qd2 h6 13. Bxf6 Bxf6 $132) 12...
Ne5 (12... exf5 13. exf5 Bxf5 14. Bxf6 Bxf6 15. Nd5 Qd8 16. O-O Be6 17. Nxf6+
gxf6 $14) 13. a5 Qc7 14. O-O (14. Nd4 O-O 15. O-O $132) 14... O-O 15. Qe1 Kh8
16. Qh4 Qd8 17. Rad1 (17. Nd4) 17... h6 18. Qh3 Nh7 19. Be3 (19. Bf4) 19... a6
20. Bd4 Qc7 (20... exf5 21. exf5 $14) 21. Qg3 Rae8 (21... Bc6 22. Bb6 Qc8 23.
Nd4 Nf6 $14) 22. Nc5 $5 Bc8 (22... Bf6 23. Nxd7 Nxd7 24. fxe6 (24. Bxf6 Nhxf6
25. Qxd6 Qxa5 $11) 24... fxe6 25. Bxf6 Nhxf6 26. Rxd6 Qxa5 27. Rfd1 Re7 $11)
23. Nd3 {White have space advantage, but position of Black is quite good} (23.
fxe6 fxe6 24. Bh5 Rxf1+ 25. Rxf1 Rf8 $11) 23... Bf6 24. Bb6 Qe7 25. Nf4 {
White aspire to loosen black defense, maybe provocate to take on f5} (25. fxe6
fxe6 26. Nf4 Bg5 27. Bd4 Bxf4 28. Rxf4 Rxf4 29. Qxf4 Rf8 30. Qg3 Qc7 $11) 25...
Bh4 26. Qe3 Bg5 27. Qd4 Nf3+ $2 {
Combination based on wrong evaluation of finish position after 32.Kf2} (27...
exf5 $1 28. Nfd5 (28. Ncd5 Qd7 29. exf5 Qxf5 30. Ne3 Qd7 31. Qxd6 Qxd6 32. Rxd6
Nd7 33. Ba7 b6 34. Ned5 bxa5 $132) 28... Nc6 $1 29. Qa4 (29. Nxe7 Nxd4 30. Bxd4
(30. Nxc8 Nxe2+ 31. Nxe2 Rxc8 $17) 30... Rxe7 31. exf5 Rfe8 $132) 29... Qe5 30.
Nc7 Rd8 (30... Bf4 31. Rd5 Bxh2+ 32. Kh1 $18) 31. Nxa6 (31. Rd5 Qe7 32. Nxa6 (
32. exf5 Be3+ 33. Kh1 Bxb6 34. axb6 Qe3 $15) 32... fxe4 33. Bxd8 Rxd8 34. Nb4
Nxb4 35. Qxb4 Nf6 $44) 31... fxe4 32. Bxd8 Nxd8 33. Nb4 f5 34. Nbd5 $44) 28.
Rxf3 Bxf4 29. Rxf4 e5 30. Qxd6 Qxd6 31. Rxd6 exf4 32. Kf2 $16 {In this position
White unequivocally have great advantage: bad Bc8, no space for RR} Ng5 33. Rd4
g6 34. Bc5 (34. h4 Nh7 35. Bc5 (35. Bc7 gxf5 36. Bxf4 Rg8 37. Bf3 fxe4 38. Nxe4
$14) 35... Rg8 (35... Rd8 36. fxg6 fxg6 37. Nd5 Rfe8 38. Nxf4 $16) 36. Bc4 $16)
34... Rd8 35. h4 Nh7 36. Nd5 Rfe8 (36... gxf5 $142 37. Bxf8 Nxf8 38. Bf3 fxe4
39. Bxe4 $16) 37. fxg6 fxg6 38. Nxf4 g5 $2 $18 (38... Nf8 39. Ke3 $16) 39. Nd5
$6 {Keeping winning position, but} (39. Bb6 $3 {Was win immediately} Rxd4 40.
Bxd4+ Kg8 41. Bc4+ Kf8 42. Ng6#) 39... gxh4 40. Bh5 $1 Re6 (40... Re5 41. Nf4
Rg8 42. Rc4 $18) (40... Rxe4 41. Rxe4 Rxd5 42. Bd4+ Kg8 43. Bf3 $18) 41. Nf4 $1
Rxd4 42. Bxd4+ Kg8 43. Nxe6 Bxe6 44. Be2 Ng5 45. Ke3 h3 46. gxh3 Bxh3 47. b4
Bg2 (47... Kf7 48. Bc4+ Be6 49. Bd5 Bxd5 50. exd5 h5 51. Kf4 Kg6 52. c4 $18)
48. Bc4+ Kf8 49. Bd5 h5 50. Bf6 1-0